[Event "57th Biel Festival MTO 2024"]
[White "Gloeckler,Christian"]
[Black "Fromm,Marius"]
[Site "Biel"]
[Round "7.21"]
[Annotator "TA"]
[Result "0-1"]
[Date "2024.07.22"]
[WhiteElo "2304"]
[BlackElo "2465"]
[PlyCount "48"]

1. e4 e5 2. Nf3 Nc6 3. Bb5 f5 4. d3 fxe4 5. dxe4 Nf6 6. O-O d6 7. Re1 Be7 8. h3 O-O 9. Nc3 Kh8 10. Nd5 Nb8 11. Bc4 Nxd5 12. Bxd5 Nd7 13. a3 Qe8 14. Kh2 Qg6 15. Qe2 Nf6 16. Ba2 Bd7 17. c4 Nh5 18. Rf1 Rf4 19. Bb1 Raf8 20. Rh1 Bxh3 21. Kxh3 Rxf3+ 22. Qxf3 Rxf3+ 23. gxf3 Bg5 24. Rg1 Qe6+ 0-1

[Event "57th Biel Festival MTO 2024"]
[White "Saraci,Nderim"]
[Black "Munkhzul,Turmunkh"]
[Site "Biel"]
[Round "7.22"]
[Annotator "TA"]
[Result "1-0"]
[Date "2024.07.22"]
[WhiteElo "2449"]
[BlackElo "2232"]
[PlyCount "95"]

1. d4 Nf6 2. Nf3 g6 3. c4 Bg7 4. g3 O-O 5. Bg2 d6 6. O-O Nc6 7. Nc3 a6 8. h3 Rb8 9. Be3 b5 10. Nd2 Na5 11. b3 Be6 12. d5 Bd7 13. cxb5 axb5 14. Rc1 c5 15. dxc6 Bxc6 16. Nde4 Nxe4 17. Nxe4 d5 18. Nc5 d4 19. Bd2 Bxg2 20. Kxg2 Qd5+ 21. Kh2 Nb7 22. e4 Qd8 23. Nd3 Qb6 24. Bb4 Rfe8 25. e5 e6 26. Qc2 Qa6 27. Rfd1 Qa8 28. Qe2 Na5 29. Rc7 Rec8 30. Rdc1 Rxc7 31. Rxc7 Bf8 32. Bxf8 Rxf8 33. Nb4 Rd8 34. Qxb5 Rb8 35. Qd7 Qf3 36. Nd3 Nc6 37. Qxc6 Qxd3 38. Qd7 Rf8 39. Rc4 Qe2 40. Qxd4 Qxa2 41. b4 Qb1 42. Rc7 Rb8 43. Rxf7 Kxf7 44. Qa7+ Kg8 45. Qxb8+ Kg7 46. Qc7+ Kh6 47. Qc5 Kh5 48. Qe3 1-0

[Event "57th Biel Festival MTO 2024"]
[White "Juksta,Karolis"]
[Black "Cervantes Landeiro,Thalia"]
[Site "Biel"]
[Round "7.23"]
[Annotator "TA"]
[Result "1/2-1/2"]
[Date "2024.07.22"]
[WhiteElo "2400"]
[BlackElo "2271"]
[PlyCount "215"]

1. d4 Nf6 2. c4 g6 3. Nc3 d5 4. Nf3 Bg7 5. Qb3 dxc4 6. Qxc4 O-O 7. e4 Na6 8. Be2 c5 9. d5 e6 10. O-O exd5 11. exd5 Bf5 12. Be3 Re8 13. Rad1 Nd7 14. a3 Ne5 15. Nxe5 Bxe5 16. d6 Rb8 17. Bf3 Be6 18. Qd3 b5 19. Bc6 Bc4 20. Qc2 Re6 21. Bd5 Rxd6 22. Bxc4 bxc4 23. Qa4 Bd4 24. Qxc4 Nc7 25. Ne4 Rd5 26. Bf4 Rc8 27. Bxc7 Rxc7 28. Nf6+ Qxf6 29. Qxd5 Bxb2 30. Rd2 Bd4 31. g3 Kg7 32. Rd3 Re7 33. Rf3 Qe6 34. Qxe6 fxe6 35. Rc1 Rb7 36. Rc2 e5 37. Kg2 Rc7 38. Rb3 c4 39. Rb4 c3 40. Kf3 Rf7+ 41. Ke4 Bxf2 42. Kxe5 Be1 43. Kd4 Bd2 44. a4 h5 45. a5 Rf2 46. Rb7+ Kf6 47. Kc4 Rxh2 48. Rxa7 h4 49. gxh4 Rxh4+ 50. Kb3 g5 51. a6 Rh8 52. Rb7 g4 53. a7 Ra8 54. Ra2 Be3 55. Kxc3 g3 56. Kd3 g2 57. Rxg2 Rxa7 58. Rb5 Ra3+ 59. Ke4 Ba7 60. Rf5+ Ke6 61. Rg6+ Ke7 62. Rb5 Kf7 63. Rc6 Re3+ 64. Kf5 Re7 65. Rf6+ Kg7 66. Rb4 Bc5 67. Rg4+ Kh7 68. Rc6 Bf2 69. Rc1 Rf7+ 70. Ke6 Rg7 71. Rh1+ Kg8 72. Rc4 Rg3 73. Rc7 Re3+ 74. Kf5 Rf3+ 75. Kg4 Rf6 76. Kg5 Ra6 77. Rd1 Ra5+ 78. Kg4 Bc5 79. Rd5 Ra4+ 80. Kh5 Ba3 81. Rg5+ Kf8 82. Rb5 Kg8 83. Kg6 Ra6+ 84. Kg5 Bf8 85. Rf5 Bg7 86. Rd5 Kh7 87. Rdd7 Rg6+ 88. Kf5 Rg1 89. Rd5 Rf1+ 90. Ke6 Re1+ 91. Kd6 Kg6 92. Rc2 Bf6 93. Rd3 Rg1 94. Re3 Ra1 95. Rg3+ Kf7 96. Rc7+ Kf8 97. Rb3 Be7+ 98. Kd7 Rd1+ 99. Ke6 Re1+ 100. Kd7 Rd1+ 101. Kc8 Rf1 102. Rh3 Re1 103. Rf3+ Ke8 104. Rc6 Re2 105. Rcc3 Re1 106. Rfe3 Rd1 107. Rc7 Rd8+ 108. Kb7 1/2-1/2

[Event "57th Biel Festival MTO 2024"]
[White "Kalogridis,Antonios"]
[Black "Winkelman,Albert"]
[Site "Biel"]
[Round "7.24"]
[Annotator "TA"]
[Result "1-0"]
[Date "2024.07.22"]
[WhiteElo "2391"]
[BlackElo "2243"]
[PlyCount "67"]

1. d4 d5 2. c4 e6 3. Nc3 Nf6 4. cxd5 exd5 5. Bg5 c6 6. e3 Be7 7. Bd3 O-O 8. h3 Re8 9. Bf4 Bd6 10. Nge2 a5 11. O-O Nh5 12. Bxd6 Qxd6 13. g4 Nf6 14. Kg2 h5 15. g5 Ne4 16. Bxe4 dxe4 17. Ng3 h4 18. Ngxe4 Qg6 19. Qf3 f5 20. Nc5 Qxg5+ 21. Kh1 Nd7 22. Rg1 Qf6 23. Nd3 Nf8 24. Nf4 Re7 25. Rg2 b5 26. Ncd5 cxd5 27. Nxd5 Qd6 28. Nxe7+ Qxe7 29. Qxa8 Bb7 30. Qb8 Kh7 31. Rag1 g5 32. Qe5 Qf7 33. Rc1 Nd7 34. Qd6 1-0

[Event "57th Biel Festival MTO 2024"]
[White "Thavandiran,Shiyam"]
[Black "Smirnov,Mark"]
[Site "Biel"]
[Round "7.25"]
[Annotator "TA"]
[Result "0-1"]
[Date "2024.07.22"]
[WhiteElo "2387"]
[BlackElo "2203"]
[PlyCount "90"]

1. e4 e5 2. Nf3 Nf6 3. Nc3 Nc6 4. d4 exd4 5. Nxd4 Bb4 6. Nxc6 bxc6 7. Bd3 O-O 8. O-O d5 9. Bd2 Bxc3 10. Bxc3 dxe4 11. Bxf6 Qxf6 12. Bxe4 Ba6 13. Re1 Qxb2 14. Qh5 g6 15. Qa5 Qb6 16. Qc3 Rab8 17. h4 Qb4 18. Qe3 Rfe8 19. Rab1 Qxb1 20. Rxb1 Rxb1+ 21. Kh2 Bb7 22. Qf4 Rb4 23. f3 c5 24. Qxc7 Bxe4 25. Qxc5 Rbb8 26. fxe4 Rxe4 27. Kg3 h5 28. Qxa7 Rc8 29. Kh3 Rc3+ 30. Kh2 Rxh4+ 31. Kg1 Rxc2 32. a4 Kg7 33. a5 Ra4 34. Kh2 Rca2 35. Qe3 Rxa5 36. Qc3+ Kh7 37. Qf6 Rf5 38. Qe7 Ra4 39. Qd8 Rg4 40. Qc7 Rf2 41. Kh1 Rgxg2 42. Qa7 h4 43. Qe3 Rh2+ 44. Kg1 Rfg2+ 45. Kf1 h3 0-1

[Event "57th Biel Festival MTO 2024"]
[White "Mostertman,Milan"]
[Black "Chinguun,Sumiya"]
[Site "Biel"]
[Round "7.26"]
[Annotator "RC"]
[Result "0-1"]
[Date "2024.07.22"]
[WhiteElo "2231"]
[BlackElo "2348"]
[PlyCount "118"]

1. e4 c5 2. Nf3 d6 3. d4 cxd4 4. Nxd4 Nf6 5. Nc3 a6 6. Be3 e5 7. Nf3 Be7 8. Bc4 Be6 9. Bxe6 fxe6 10. Ng5 Qd7 11. Qf3 Nc6 12. Qh3 Nd4 13. O-O-O Ng8 14. Qg3 h6 15. Nf3 Nxf3 16. Qg6+ Kf8 17. gxf3 Nf6 18. Rhg1 Rg8 19. f4 Qe8 20. Qg2 exf4 21. Bxf4 Qc6 22. Qg6 Rc8 23. Rd2 Qc5 24. Rgd1 e5 25. Be3 Qc4 26. f4 b5 27. fxe5 dxe5 28. Rf2 Rc6 29. Kb1 Qf7 30. Qf5 Qe6 31. Rd5 Qxf5 32. Rxf5 Ke8 33. Rdxe5 g6 34. Rf4 g5 35. Rf3 Ng4 36. Ref5 Nxh2 37. Rh3 Ng4 38. Nd5 Bd8 39. Bd4 Rf8 40. b3 Re6 41. Rhf3 Rxf5 42. exf5 Re4 43. c3 h5 44. f6 Ne5 45. Rf5 Nf7 46. Kc2 h4 47. Kd3 Re1 48. Bf2 Rh1 49. Ke2 Kd7 50. c4 h3 51. Rf3 bxc4 52. bxc4 g4 53. Rd3 h2 54. Ne7+ Ke8 55. Nf5 Rb1 56. Bc5 Bxf6 57. Ng3 Be5 58. Re3 Kd7 59. Rd3+ Kc6 0-1

[Event "57th Biel Festival MTO 2024"]
[White "Kuandykuly,Danis"]
[Black "Hafiz,Arif Abdul"]
[Site "Biel"]
[Round "7.27"]
[Annotator "RC"]
[Result "0-1"]
[Date "2024.07.22"]
[WhiteElo "1989"]
[BlackElo "2367"]
[PlyCount "86"]

1. e4 d6 2. d4 Nf6 3. Nc3 e5 4. Nf3 Nbd7 5. Bc4 Be7 6. O-O O-O 7. b3 c6 8. a4 Nxe4 9. Nxe4 d5 10. Ng3 dxc4 11. dxe5 cxb3 12. cxb3 Nc5 13. Nd4 f6 14. Ndf5 fxe5 15. Nxe7+ Qxe7 16. Ba3 Bf5 17. Nxf5 Rxf5 18. Qg4 Rf4 19. Qh3 b6 20. Qe3 Rd8 21. Rfe1 Rfd4 22. Rac1 R8d5 23. f4 e4 24. Bxc5 bxc5 25. Qh3 h5 26. Rc3 Qf6 27. Rce3 Rd3 28. Rxd3 exd3 29. Re8+ Kf7 30. Qc8 Qd4+ 31. Kf1 Qxf4+ 32. Kg1 Qd4+ 33. Kf1 Kg6 34. Re6+ Kh7 35. Re8 Qf6+ 36. Kg1 Re5 37. Qd7 Rxe8 38. Qxe8 Qf5 39. Qe3 Qd5 40. Qd2 Qxb3 41. Qg5 Qd1+ 42. Kf2 Qe2+ 43. Kg3 Qg4+ 0-1

[Event "57th Biel Festival MTO 2024"]
[White "Lyutsinger,Iren"]
[Black "Toktomushev,Teimur"]
[Site "Biel"]
[Round "7.28"]
[Annotator "RC"]
[Result "1-0"]
[Date "2024.07.22"]
[WhiteElo "2069"]
[BlackElo "2300"]
[PlyCount "83"]

1. e4 c5 2. Nf3 e6 3. d4 cxd4 4. Nxd4 a6 5. a3 Nf6 6. Nc3 Qc7 7. f4 d6 8. Be3 b5 9. g4 Bb7 10. Qf3 Nc6 11. g5 Nd7 12. O-O-O Rc8 13. Bg2 b4 14. axb4 Nxb4 15. Qe2 Nc5 16. Kb1 Qa5 17. Nb3 Nxb3 18. cxb3 g6 19. Qf2 Rc6 20. Bd4 Rg8 21. Rhf1 Be7 22. h4 Kd7 23. f5 Rgc8 24. fxe6+ fxe6 25. Qe2 R8c7 26. Rf7 Kc8 27. Rxh7 Kb8 28. e5 d5 29. Qf2 Bc5 30. Rxc7 Qxc7 31. Bh3 Bc8 32. h5 gxh5 33. g6 Bxd4 34. Qxd4 a5 35. Nb5 Qg7 36. Rg1 Ba6 37. Bf1 Bxb5 38. Bxb5 Nc2 39. Qf2 Rc7 40. Qb6+ Kc8 41. Ba6+ Kd8 42. Qb8+ 1-0

[Event "57th Biel Festival MTO 2024"]
[White "Schnell,Simon"]
[Black "Boldoo,Erdenepurev"]
[Site "Biel"]
[Round "7.29"]
[Annotator "TA"]
[Result "1/2-1/2"]
[Date "2024.07.22"]
[WhiteElo "2139"]
[BlackElo "2385"]
[PlyCount "60"]

1. d4 Nf6 2. c4 e6 3. Nc3 Bb4 4. e3 O-O 5. Bd2 Re8 6. Nf3 d5 7. Rc1 b6 8. cxd5 exd5 9. Bd3 Bf8 10. O-O Bb7 11. Ne5 c5 12. f4 Nc6 13. Ne2 Rc8 14. Be1 Ne4 15. Bxe4 dxe4 16. Nxf7 Kxf7 17. Qb3+ c4 18. Qxc4+ Kg6 19. f5+ Kh6 20. Bg3 Ne5 21. Qg8 Be7 22. Bf4+ Bg5 23. Rxc8 Bxc8 24. Bxg5+ Qxg5 25. Qxe8 Qxe3+ 26. Kh1 Qxe2 27. Rb1 Qc2 28. Rf1 Qe2 29. Rb1 Qc2 30. Rf1 Qe2 1/2-1/2

[Event "57th Biel Festival MTO 2024"]
[White "Padmini,Rout"]
[Black "Demchenko,Svitlana"]
[Site "Biel"]
[Round "7.30"]
[Annotator "RC"]
[Result "1-0"]
[Date "2024.07.22"]
[WhiteElo "2348"]
[BlackElo "2176"]
[PlyCount "87"]

1. e4 c5 2. Nf3 e6 3. d4 cxd4 4. Nxd4 Nc6 5. Nc3 Qc7 6. g3 a6 7. Bg2 Nf6 8. O-O Nxd4 9. Qxd4 Bc5 10. Bf4 d6 11. Qd2 h6 12. Rad1 e5 13. Be3 Bb4 14. Nb5 axb5 15. Qxb4 Rxa2 16. Rxd6 O-O 17. Rd2 Bd7 18. Rfd1 Bc6 19. f3 Rfa8 20. Bf1 Ra1 21. Qc5 Rxd1 22. Rxd1 Nd7 23. Qe7 Qd8 24. Qxd8+ Rxd8 25. Bh3 Ra8 26. Rxd7 Bxd7 27. Bxd7 Ra1+ 28. Kf2 Rh1 29. Kg2 Rb1 30. Bxb5 Rxb2 31. Ba4 f6 32. Bb3+ Kh7 33. f4 g6 34. fxe5 fxe5 35. Bd2 Rb1 36. Bc3 h5 37. Bxe5 Re1 38. Kf3 g5 39. h3 b5 40. Bc3 Rh1 41. e5 Kg7 42. e6+ Kf8 43. Bb4+ Ke8 44. Bd5 1-0

[Event "57th Biel Festival MTO 2024"]
[White "Smeets,Kobe"]
[Black "Vincenti,Leonardo"]
[Site "Biel"]
[Round "7.31"]
[Annotator "RC"]
[Result "1-0"]
[Date "2024.07.22"]
[WhiteElo "2324"]
[BlackElo "2166"]
[PlyCount "137"]

1. e4 e6 2. d4 d5 3. Nc3 Nf6 4. e5 Nfd7 5. f4 c5 6. Nf3 Nc6 7. Be3 cxd4 8. Nxd4 Bc5 9. Qd2 Bxd4 10. Bxd4 Nxd4 11. Qxd4 Qb6 12. Qxb6 Nxb6 13. O-O-O Bd7 14. Bd3 h5 15. Rhf1 g6 16. b3 Ke7 17. Ne2 a5 18. a4 Bc6 19. Nd4 Nd7 20. g3 Nc5 21. h3 Bd7 22. Rf2 Rac8 23. Kd2 b6 24. Rh1 Rh6 25. Rfh2 Rch8 26. c3 R6h7 27. Ra1 Rc8 28. Bc2 Rh6 29. Rhh1 Na6 30. Rhb1 Rhh8 31. Ra3 Rc7 32. Bd3 Nc5 33. b4 Nxd3 34. Kxd3 Ra8 35. bxa5 Rxa5 36. Rxb6 Rxa4 37. Rxa4 Bxa4 38. Rb8 Bd7 39. Nf3 Be8 40. Ng5 Bd7 41. Nh7 Bc8 42. Ra8 Kd8 43. Nf6 Rc4 44. h4 Rc6 45. Ra7 Rc7 46. Rxc7 Kxc7 47. f5 Kd8 48. fxg6 fxg6 49. Nh7 Ke7 50. Kd4 Ba6 51. Kc5 Be2 52. Kc6 Bf3 53. Kc7 Be2 54. Nf6 Bb5 55. Nh7 Be2 56. Ng5 Bg4 57. Kc6 Be2 58. Nh3 Bf3 59. Kc7 Be4 60. Nf4 Bf5 61. Ne2 Bg4 62. Nd4 Bh3 63. Nc6+ Ke8 64. Kd6 Bg4 65. Nb8 Kf7 66. Nd7 g5 67. hxg5 Kg6 68. Nf8+ Kf7 69. Nxe6 1-0

[Event "57th Biel Festival MTO 2024"]
[White "Saravanan,V.."]
[Black "Coles,Ruben"]
[Site "Biel"]
[Round "7.32"]
[Annotator "RC"]
[Result "1/2-1/2"]
[Date "2024.07.22"]
[WhiteElo "2266"]
[BlackElo "2141"]
[PlyCount "92"]

1. d4 d5 2. c4 e6 3. Nc3 Nf6 4. cxd5 exd5 5. Bg5 c6 6. e3 h6 7. Bh4 Be7 8. Bd3 O-O 9. Qc2 Re8 10. Nge2 Nbd7 11. O-O Ne4 12. Bxe7 Qxe7 13. Bxe4 dxe4 14. d5 Nf6 15. Rfd1 cxd5 16. Nxd5 Nxd5 17. Rxd5 Bd7 18. Qd2 Bc6 19. Rd4 Rad8 20. Rd1 Rxd4 21. Qxd4 Qe5 22. Rc1 Qa5 23. a3 Rd8 24. Qc3 Qxc3 25. Nxc3 Rd2 26. Rb1 Kf8 27. Kf1 Ke7 28. Ke1 Rd3 29. Ne2 Rd5 30. Nd4 Bd7 31. Rc1 Rh5 32. h3 Rg5 33. g3 Kd6 34. h4 Rc5 35. Rxc5 Kxc5 36. Kd2 h5 37. Kc3 f6 38. b4+ Kd5 39. Kb3 b6 40. Kc3 g5 41. Kb3 a6 42. Kc3 Bg4 43. Kb3 Bd1+ 44. Kc3 Bg4 45. Kb3 Bd1+ 46. Kc3 Bg4 1/2-1/2

[Event "57th Biel Festival MTO 2024"]
[White "Peycheva,Gergana"]
[Black "Woong,Zhi Wei William"]
[Site "Biel"]
[Round "7.33"]
[Annotator "RC"]
[Result "1/2-1/2"]
[Date "2024.07.22"]
[WhiteElo "2266"]
[BlackElo "2139"]
[PlyCount "81"]

1. d4 d5 2. c4 e6 3. Nc3 Nf6 4. cxd5 exd5 5. Bg5 c6 6. e3 Be7 7. Bd3 Nbd7 8. Qc2 h6 9. Bh4 Nh5 10. Bxe7 Qxe7 11. Nge2 Nb6 12. O-O-O Be6 13. Kb1 O-O-O 14. Rc1 Kb8 15. Na4 Nxa4 16. Qxa4 Rc8 17. Rc3 Rc7 18. Rhc1 Bd7 19. Ra3 b6 20. Qd1 Nf6 21. Nc3 c5 22. dxc5 Rxc5 23. Qf3 Qe5 24. h3 g5 25. Qe2 Rd8 26. Rd1 Rc7 27. Rb3 Bc6 28. Bb5 Bb7 29. Rd4 Rdc8 30. Bd3 Nd7 31. Bc2 Nc5 32. Rbb4 Ne6 33. Rd2 d4 34. exd4 Qxe2 35. Nxe2 Bxg2 36. Bf5 Rd8 37. Rb3 Bf1 38. Bxe6 fxe6 39. Re3 Rc6 40. a3 Bxe2 41. Rexe2 1/2-1/2

[Event "57th Biel Festival MTO 2024"]
[White "Rappazzo,Johannes"]
[Black "Collin,Moritz Valentin"]
[Site "Biel"]
[Round "7.34"]
[Annotator "RC"]
[Result "0-1"]
[Date "2024.07.22"]
[WhiteElo "2169"]
[BlackElo "2312"]
[PlyCount "76"]

1. e4 c5 2. Nf3 e6 3. d4 cxd4 4. Nxd4 Nc6 5. Nc3 Qc7 6. f4 a6 7. Nxc6 Qxc6 8. Bd3 b5 9. Qe2 Bb7 10. Bd2 Rc8 11. a3 Nf6 12. O-O-O b4 13. axb4 Bxb4 14. Rhe1 O-O 15. g4 d6 16. g5 Nd7 17. h4 Qb6 18. h5 Qa5 19. Kb1 Bxc3 20. Bxc3 Rxc3 21. bxc3 Qa3 22. Bc4 Nc5 23. Bb3 Bxe4 24. Qxe4 Nxe4 25. Rxe4 Rb8 26. Red4 Rb6 27. R1d2 a5 28. Rc4 Kf8 29. Rdd4 d5 30. Ra4 Qc5 31. Ka2 Qxc3 32. Rd3 Qc5 33. f5 Rb4 34. Ra3 Qb5 35. g6 hxg6 36. hxg6 a4 37. Kb2 exf5 38. Re3 fxg6 0-1

[Event "57th Biel Festival MTO 2024"]
[White "Song,Ethan"]
[Black "Arsenie,Cristian Marc"]
[Site "Biel"]
[Round "7.35"]
[Annotator "ChessBase"]
[Result "1/2-1/2"]
[Date "2024.07.22"]
[WhiteElo "2244"]
[BlackElo "2121"]
[PlyCount "99"]

1. e4 c5 2. Nc3 Nc6 3. Nf3 e5 4. Bc4 Be7 5. d3 d6 6. Nd2 Nf6 7. Nf1 Bg4 8. f3 Be6 9. Ne3 O-O 10. O-O Nb4 11. Bd2 d5 12. exd5 Nfxd5 13. Nexd5 Nxd5 14. Qe2 Re8 15. Rfe1 Bh4 16. g3 Bf6 17. a3 Rc8 18. Rad1 a6 19. Nxd5 Bxd5 20. Bxd5 Qxd5 21. Bc3 g6 22. Qe4 Qd7 23. Rd2 Bg7 24. Rde2 Re6 25. Qg4 Qd5 26. Qe4 Qd7 27. a4 b5 28. axb5 axb5 29. b3 f5 30. Qe3 Qd5 31. Ra1 Rce8 32. Rae1 e4 33. dxe4 fxe4 34. fxe4 Rxe4 35. Qf3 Bd4+ 36. Bxd4 Qxd4+ 37. Kg2 Rxe2+ 38. Rxe2 Rxe2+ 39. Qxe2 Qd5+ 40. Kf2 c4 41. bxc4 bxc4 42. c3 Qf5+ 43. Kg2 Qd5+ 44. Kg1 h5 45. h4 Kf7 46. Kf2 Kf6 47. Kg1 Kf5 48. Qf2+ Kg4 49. Kh2 Qe4 50. Qg2 1/2-1/2

[Event "57th Biel Festival MTO 2024"]
[White "Jaggy,Matteo"]
[Black "Gemelli,Romain"]
[Site "Biel"]
[Round "7.36"]
[Annotator "ChessBase"]
[Result "0-1"]
[Date "2024.07.22"]
[WhiteElo "2211"]
[BlackElo "2101"]
[PlyCount "100"]

1. d4 Nf6 2. c4 e6 3. g3 d5 4. Bg2 dxc4 5. Nf3 c5 6. O-O Nc6 7. Qa4 Bd7 8. Qxc4 b5 9. Qd3 c4 10. Qd1 Rc8 11. Bg5 Be7 12. Nc3 b4 13. Bxf6 gxf6 14. Ne4 O-O 15. Qd2 f5 16. Nc5 Be8 17. e3 Qb6 18. Rfc1 Bxc5 19. dxc5 Qxc5 20. Bf1 Na5 21. Nd4 Bc6 22. Nb3 Nxb3 23. axb3 Rcd8 24. Qc2 Qd5 25. e4 Qxe4 26. Qxe4 Bxe4 27. Rxc4 a5 28. Bg2 Bxg2 29. Kxg2 Rd5 30. Rc7 Rfd8 31. Rc4 Re5 32. Kg1 Rd2 33. Rf4 Rxb2 34. Rf3 Rc5 35. Kg2 Rc3 36. Rxc3 bxc3 37. Rxa5 Rxb3 38. Rc5 Kg7 39. h4 Kf6 40. h5 h6 41. Rc7 Ra3 42. Rc5 Ke7 43. f3 Ra2+ 44. Kh3 Rc2 45. g4 fxg4+ 46. fxg4 Kf6 47. g5+ hxg5 48. h6 Rc1 49. Kg2 Kg6 50. Rxg5+ Kxh6 0-1

[Event "57th Biel Festival MTO 2024"]
[White "Federer,Colin"]
[Black "Altantuya,Boldbaatar"]
[Site "Biel"]
[Round "7.37"]
[Annotator "ChessBase"]
[Result "0-1"]
[Date "2024.07.22"]
[WhiteElo "2187"]
[BlackElo "2107"]
[PlyCount "82"]

1. e4 c5 2. Nf3 e6 3. d4 cxd4 4. Nxd4 Nf6 5. Nc3 d6 6. g4 h6 7. h4 Nc6 8. Rg1 d5 9. exd5 Nxd5 10. Nxd5 exd5 11. Be3 Be7 12. Bb5 Bd7 13. Qe2 Qa5+ 14. Qd2 Qxd2+ 15. Kxd2 Bxh4 16. Nf5 Bxf5 17. gxf5 Bf6 18. c3 Kd7 19. Kc2 a6 20. Ba4 Kc7 21. Rad1 Rad8 22. Bb3 Ne7 23. Bc5 Nxf5 24. Bxd5 b6 25. Ba3 Nd4+ 26. cxd4 Rxd5 27. Rge1 Rxd4 28. Rxd4 Bxd4 29. Re7+ Kc6 30. Rxf7 h5 31. Rf4 Bf6 32. Rf3 h4 33. Rh3 g5 34. Kd3 g4 35. Rh1 Kd5 36. b3 h3 37. Bc1 Be5 38. Rd1 h2 39. Rh1 Rh3+ 40. Be3 Bd4 41. Rxh2 Bxe3 0-1

[Event "57th Biel Festival MTO 2024"]
[White "Chen,Muxi"]
[Black "Kersten,Uwe"]
[Site "Biel"]
[Round "7.38"]
[Annotator "ChessBase"]
[Result "0-1"]
[Date "2024.07.22"]
[WhiteElo "1954"]
[BlackElo "2189"]
[PlyCount "58"]

1. e4 c5 2. Nf3 d6 3. d4 Nf6 4. Nc3 cxd4 5. Nxd4 g6 6. Be3 Bg7 7. f3 h5 8. Qd2 a6 9. a4 Nbd7 10. a5 b5 11. axb6 Nxb6 12. Nb3 O-O 13. Bd3 Qc7 14. Na4 Nxa4 15. Rxa4 d5 16. exd5 Nxd5 17. Bd4 e5 18. Rc4 Qd8 19. Bf2 Nf4 20. Be4 Be6 21. Rc3 Nxg2+ 22. Kf1 Bh3 23. Bxa8 Qxa8 24. Nc5 Rd8 25. Qc1 Nf4+ 26. Ke1 Bg2 27. Bh4 Rd4 28. Rg1 Bxf3 29. Nd3 Qe4+ 0-1

[Event "57th Biel Festival MTO 2024"]
[White "Kamber,Bruno"]
[Black "Panda,Barnabas"]
[Site "Biel"]
[Round "7.39"]
[Annotator "ChessBase"]
[Result "1-0"]
[Date "2024.07.22"]
[WhiteElo "2188"]
[BlackElo "2074"]
[PlyCount "67"]

1. e4 c5 2. Nf3 e6 3. d4 cxd4 4. Nxd4 a6 5. c4 Nf6 6. Nc3 Bb4 7. Qd3 Qc7 8. Nc2 Be7 9. Qg3 Qxg3 10. hxg3 d6 11. Bf4 O-O 12. Be2 Rd8 13. g4 Nc6 14. g5 Ne8 15. Be3 f6 16. gxf6 Bxf6 17. Na4 Bd7 18. O-O-O Nb4 19. Nb6 Nxc2 20. Kxc2 Rab8 21. Bg4 Nc7 22. Nxd7 Rxd7 23. Bf4 Rbd8 24. Rh3 Be5 25. Be3 Rf8 26. g3 h6 27. Bb6 Kf7 28. f4 Bf6 29. e5 Bd8 30. Rxd6 Re7 31. Bc5 Na8 32. Bxe6+ Ke8 33. Bg4 Rc7 34. Rxd8+ 1-0

[Event "57th Biel Festival MTO 2024"]
[White "Harish,Neeraj"]
[Black "Follesa,Enrico"]
[Site "Biel"]
[Round "7.40"]
[Annotator "ChessBase"]
[Result "0-1"]
[Date "2024.07.22"]
[WhiteElo "2123"]
[BlackElo "2241"]
[PlyCount "126"]

1. e4 c5 2. Nf3 d6 3. d4 cxd4 4. Nxd4 Nf6 5. Nc3 a6 6. Rg1 e5 7. Nb3 Be6 8. f4 exf4 9. Bxf4 Nc6 10. g4 Ne5 11. g5 Nfd7 12. Qe2 Qc7 13. Nd5 Bxd5 14. exd5 g6 15. O-O-O h5 16. gxh6 Bxh6 17. Bxh6 Rxh6 18. Rg3 Ke7 19. Kb1 Rah8 20. h3 Rh4 21. Nd4 Rf4 22. Re3 Rh5 23. c3 Kf8 24. Re4 Rxe4 25. Qxe4 Qd8 26. Rd2 Rh4 27. Qe3 Nc5 28. Rf2 Kg8 29. a3 Re4 30. Qh6 Re1+ 31. Ka2 Ne4 32. Rf4 Ng3 33. Rh4 Nh5 34. Rxh5 gxh5 35. Nf5 Qf8 36. Qg5+ Ng6 37. Bd3 Re5 38. Qxh5 Qd8 39. Nh6+ Kg7 40. Nf5+ Kf8 41. Qh6+ Ke8 42. Ng7+ Kd7 43. Bxg6 fxg6 44. Qxg6 Qg5 45. Qxg5 Rxg5 46. Ne6 Rxd5 47. Nd4 Rh5 48. Kb3 Rxh3 49. a4 Rh2 50. Nf3 Rf2 51. Nd4 d5 52. Nc2 Kd6 53. Nd4 Ke5 54. Nc2 Rd2 55. Ne3 Kd6 56. Nf5+ Kc5 57. Ne3 d4 58. cxd4+ Rxd4 59. Nc2 Rd3+ 60. Ka2 Kc4 61. Na3+ Kb4 62. Nc2+ Kxa4 63. Na3 b5 0-1

[Event "57th Biel Festival MTO 2024"]
[White "Shoshin,Kirill"]
[Black "Erne,Raphael"]
[Site "Biel"]
[Round "7.41"]
[Annotator "RC"]
[Result "0-1"]
[Date "2024.07.22"]
[WhiteElo "2277"]
[BlackElo "2102"]
[PlyCount "56"]

1. d4 d5 2. c4 c6 3. Nf3 Nf6 4. Nc3 dxc4 5. a4 Bf5 6. e3 e6 7. Bxc4 Bb4 8. O-O O-O 9. Qb3 Qe7 10. Rd1 Rd8 11. Bd2 a5 12. h3 h5 13. Ne2 Bxd2 14. Nxd2 Be4 15. Nxe4 Nxe4 16. Nf4 Nf6 17. Rac1 Na6 18. Be2 g6 19. Nd3 Nb4 20. Ne5 Nd7 21. Nc4 e5 22. dxe5 Nxe5 23. Rxd8+ Rxd8 24. Nxa5 Rd2 25. Bf1 Qh4 26. Kh1 Qxf2 27. Qxb4 Nf3 28. Qxd2 Qg1# 0-1

[Event "57th Biel Festival MTO 2024"]
[White "Papaux,Steve"]
[Black "Pisan,Kai"]
[Site "Biel"]
[Round "7.42"]
[Annotator "RC"]
[Result "1/2-1/2"]
[Date "2024.07.22"]
[WhiteElo "2188"]
[BlackElo "1950"]
[PlyCount "51"]

1. e4 c6 2. Nc3 d5 3. d4 dxe4 4. Nxe4 Nf6 5. Nxf6+ exf6 6. Be3 Bd6 7. Bd3 Na6 8. a3 O-O 9. Ne2 Qc7 10. c4 Re8 11. Qc2 g6 12. c5 Bf8 13. d5 Qa5+ 14. b4 Nxb4 15. axb4 Qxa1+ 16. Bc1 Bh6 17. O-O Bxc1 18. Rxc1 Qa3 19. Rb1 cxd5 20. Nc3 a6 21. h3 Re5 22. Kh2 Bf5 23. Bxf5 Rxf5 24. Rb3 Qa1 25. Rb1 Qa3 26. Rb3 1/2-1/2

[Event "57th Biel Festival MTO 2024"]
[White "Kwiatkowski,Jakub"]
[Black "Gueci,Tea"]
[Site "Biel"]
[Round "7.44"]
[Annotator "ChessBase"]
[Result "1-0"]
[Date "2024.07.22"]
[WhiteElo "2024"]
[BlackElo "2228"]
[PlyCount "61"]

1. e4 c5 2. Nf3 d6 3. d4 cxd4 4. Nxd4 Nf6 5. Nc3 a6 6. h3 e6 7. g4 d5 8. exd5 Nxd5 9. Nde2 h5 10. g5 Nc6 11. Bg2 Bb4 12. O-O Nxc3 13. Nxc3 Qxd1 14. Rxd1 O-O 15. Na4 e5 16. Nb6 Rb8 17. Be3 Re8 18. Nd7 Ra8 19. Nb6 Rb8 20. c3 Ba5 21. Nxc8 Rexc8 22. Rd7 g6 23. Rad1 Bc7 24. Bd5 Nd8 25. Bc5 e4 26. Be7 Ne6 27. Bxe6 fxe6 28. Bf6 Bb6 29. Rg7+ Kf8 30. Rh7 e5 31. Rdd7 1-0

[Event "57th Biel Festival MTO 2024"]
[White "Coles,Robin"]
[Black "Ohler,Julius"]
[Site "Biel"]
[Round "7.45"]
[Annotator "ChessBase"]
[Result "0-1"]
[Date "2024.07.22"]
[WhiteElo "2084"]
[BlackElo "2078"]
[PlyCount "50"]

1. e4 c5 2. Nf3 a6 3. c4 Nc6 4. d4 cxd4 5. Nxd4 e5 6. Nf5 d5 7. cxd5 Bxf5 8. exf5 Nd4 9. Bd3 Qxd5 10. O-O O-O-O 11. Nd2 Nf6 12. Re1 Nc6 13. Bc4 Qd7 14. Qb3 Bb4 15. Bxf7 Kb8 16. Rd1 Ne4 17. Be6 Qd4 18. Qf3 Nxd2 19. Bxd2 Bxd2 20. Qg3 g6 21. fxg6 hxg6 22. Qxg6 e4 23. Qg3+ Ka7 24. Rac1 e3 25. Rxc6 e2 0-1

[Event "57th Biel Festival MTO 2024"]
[White "Haugner,Jan"]
[Black "Frayna,Janelle Mae"]
[Site "Biel"]
[Round "7.46"]
[Annotator "ChessBase"]
[Result "1/2-1/2"]
[Date "2024.07.22"]
[WhiteElo "2072"]
[BlackElo "2164"]
[PlyCount "88"]

1. e4 g6 2. d4 Bg7 3. Nc3 d6 4. f4 a6 5. Nf3 b5 6. Bd3 Nd7 7. Ne2 c5 8. c3 cxd4 9. cxd4 Ngf6 10. O-O O-O 11. e5 Nd5 12. Ng5 N7b6 13. Ng3 h6 14. Nf3 dxe5 15. dxe5 Bb7 16. Qe2 e6 17. h4 Nb4 18. Bb1 Bxf3 19. Rxf3 Qxh4 20. Ne4 N4d5 21. g3 Qe7 22. b3 Rfd8 23. Bb2 Rac8 24. a3 Nd7 25. b4 N7b6 26. Qf2 Na4 27. Bd4 Rc1+ 28. Kh2 Rdc8 29. Bd3 Rxa1 30. Bxa1 Qc7 31. Nd6 Rd8 32. g4 Nac3 33. Qc5 Na4 34. Qg1 Ndc3 35. Qd4 Nd5 36. Qg1 Qc6 37. Be4 Qc7 38. Kh3 Nac3 39. Bxc3 Nxc3 40. Qc1 Nd5 41. Qxc7 Nxc7 42. Rc3 Rd7 43. Bc6 Rd8 44. Be4 Rd7 1/2-1/2

[Event "57th Biel Festival MTO 2024"]
[White "Bommini Mounika Akshaya"]
[Black "Hartmann,Wolfgang"]
[Site "Biel"]
[Round "7.47"]
[Annotator "ChessBase"]
[Result "1-0"]
[Date "2024.07.22"]
[WhiteElo "2140"]
[BlackElo "1983"]
[PlyCount "89"]

1. d4 d5 2. Nf3 Nf6 3. c3 e6 4. Bf4 c5 5. e3 Nc6 6. Nbd2 cxd4 7. exd4 Nh5 8. Bg5 f6 9. Be3 Bd6 10. Ne5 g6 11. Nd3 O-O 12. Be2 Ng7 13. f4 Qc7 14. g3 b6 15. O-O Bd7 16. Nf3 Rae8 17. Bf2 Nf5 18. Rc1 Qd8 19. b3 Bb8 20. c4 dxc4 21. bxc4 Bc8 22. Nb2 e5 23. fxe5 fxe5 24. d5 Na5 25. Ne1 Qg5 26. Ng2 h5 27. c5 e4 28. d6 Bb7 29. c6 Nxc6 30. Qd5+ Kh7 31. Rxc6 Bxd6 32. Nc4 Rd8 33. Nxd6 Bxc6 34. Qxc6 Rxd6 35. Qxe4 Rfd8 36. h4 Qf6 37. Nf4 Rd2 38. Bc4 R2d4 39. Bxd4 Rxd4 40. Qb7+ Kh6 41. Bd3 Nxg3 42. Nxh5 Qe5 43. Nf6 Qe3+ 44. Kg2 Qd2+ 45. Rf2 1-0